00958 2200217 4500001002100000005001500021035002000036007000300056008004100059020002200100082001400122084002000136100002900156245005000185250001300235260003300248300005000281700002400331520035100355600003400706INLIS00000000000235320260414082116 a0010-0426000031ta260414 j 1 ind  a978-602-320-481-6 a899.221.3 a899.221.3 VER k0 aVeronica W ( Pengarang )1 aKyla si badung /cVeronica W; editor' D.Liana a-Cet.III aSolo :bTga serangkai,c2020 a80 hlm :biIus,bergambar,hitam putih ;c21 cm0 aD. Liana ( Editor ) aKyla, anak perempuan berumur 7 tahun, sangat menggemari pernak pernik tokoh Princess. Kyla bercita-cita untuk menjadi seorang princess yang anggun. Padahal Kyla adalah anak yang aktif, krestif, gesit dan sering membuat heboh keluarga dan teman-temannya. Mampukah Kyla membuktikan bahwa dirinya adalah seorang Princess Anggun, bukan Princess Bdung 4afiksi indonesia - bacaan anak